000 00456cam a2200181ua 4500
020 _cRs 2.00
041 _amal
_h
082 _a894.812 308
_bRAM/PA
100 _aRaman Nair, C T .
245 _aParker /
_cC T Raman Nair.
_hTextual Documents
260 _aThuravur :
_bSree Narasimhavilasam Book Depo ,
_c1959.
300 _a230 ; .
365 _aRs 2.00
504 _a
650 _aFiction - Malayalam
942 _cBK
999 _c514
_d514